| 000 | 01202aam a2200409a 44500 | ||
|---|---|---|---|
| 008 | 081204s2005 cat | ||
| 017 | _aV-4755-2005 | ||
| 041 | _acat | ||
| 041 | _bspa | ||
| 080 | _a342.4(038) | ||
| 100 |
_aMartínez i Dalmau, Rubén _962809 |
||
| 245 | _aVocabulari de dret constitucional: Català/castellà | ||
| 245 | _cLino València i Montes | ||
| 245 | _cRubén Martínez i Dalmau | ||
| 260 | _a[València] | ||
| 260 | _bFacultat de Dret | ||
| 260 | _bUniversitat de València. Servei de Política Lingüística | ||
| 260 | _c2005 | ||
| 300 |
_a28 p. _c21 cm. |
||
| 490 |
_aVocabularis Universitaris Bàsics. Dret; _v12 |
||
| 500 | _aCategoria gramatical, sinònims, remissions | ||
| 500 | _aÍndex | ||
| 520 | _a334 | ||
| 591 | _a4194 | ||
| 592 | _aObra terminològica | ||
| 593 | _aMC | ||
| 594 | _a4194 | ||
| 650 |
_adret constitucional _962811 |
||
| 700 |
_aValència i Montes, Lino _962810 |
||
| 830 |
_aVocabularis Universitaris Bàsics. Dret; _v12 _962656 |
||
| 901 | _c<2005> | ||
| 902 | _a081204 | ||
| 942 |
_cMO _n0 |
||
| 999 |
_c52322 _d52322 |
||